Legal Aspects of Health Care Administration (Record no. 246518)

MARC details
000 -LEADER
fixed length control field 00490nam a2200181Ia 4500
008 - FIXED-LENGTH DATA ELEMENTS--GENERAL INFORMATION
fixed length control field 240913s9999||||xx |||||||||||||| ||und||
082 ## - DEWEY DECIMAL CLASSIFICATION NUMBER
-- 344.73041 Q2
100 ## - MAIN ENTRY--PERSONAL NAME
Personal name Pozgar,George D
245 #0 - TITLE STATEMENT
Title Legal Aspects of Health Care Administration
250 ## - EDITION STATEMENT
Edition statement 11th
260 ## - PUBLICATION, DISTRIBUTION, ETC. (IMPRINT)
Date of publication, distribution, etc 2012
Name of publisher, distributor, etc Jones & Bartlett Lea
500 ## - GENERAL NOTE
General note REFERENCE
650 ## - SUBJECT ADDED ENTRY--TOPICAL TERM
Topical term or geographic name as entry element Human Genetics and Molecular Biology
942 ## - ADDED ENTRY ELEMENTS (KOHA)
Item type Reference
Holdings
Withdrawn status Lost status Damaged status Permanent location Current location Shelving location Date acquired Source of acquisition Full call number Barcode Date last seen Koha item type
      CENTRAL LIBRARY, NOORUL ISLAM CENTRE FOR HIGHER EDUCATION CENTRAL LIBRARY, NOORUL ISLAM CENTRE FOR HIGHER EDUCATION   02/08/2018 Edumart, Thiruvananthapuram 344.73041 Q2 77566 09/13/2024 Reference
Visitors:
Copyright © 2024 Central Library NICHE.  All rights reserved.